Statistiche per Regioni dei Paesi Europei #6

Clicka qui per fare il quiz!

Statistiche generali

  • Questo quiz è stato fatto 7 volte
  • Il punteggio medio è 4 su 28

Statistiche sulle risposte

Bulgaria% Corretto
21Sofia
100%
25Varna
83%
14Pleven
50%
15Plovdiv
50%
3Città di Sofia
17%
16Razgrad
17%
22Stara Zagora
17%
26Veliko Tarnovo
17%
1Bladoevgrad
0%
2Burgas
0%
4Dobric
0%
5Gabrovo
0%
6Haskovo
0%
7Jambol
0%
8Kardzail
0%
9Kjustendil
0%
10Lovec
0%
11Montana
0%
12Pazardzik
0%
13Pernik
0%
17Ruse
0%
23Shumen
0%
18Silistra
0%
19Sliven
0%
20Smoljan
0%
24Targoviste
0%
27Vidin
0%
28Vraca
0%

Distribuzione punteggi

Percentile per numero di risposta

Percentuale di utenti per punteggio

I tuoi punteggi nel tempo

Non hai fatto questo quiz